<?xml version="1.0" encoding="UTF-8"?><?xml-stylesheet type="text/xsl" href="static/style.xsl"?><OAI-PMH xmlns="http://www.openarchives.org/OAI/2.0/" xmlns:xsi="http://www.w3.org/2001/XMLSchema-instance" xsi:schemaLocation="http://www.openarchives.org/OAI/2.0/ http://www.openarchives.org/OAI/2.0/OAI-PMH.xsd"><responseDate>2026-04-14T02:57:00Z</responseDate><request verb="GetRecord" identifier="oai:www.recercat.cat:2117/428287" metadataPrefix="marc">https://recercat.cat/oai/request</request><GetRecord><record><header><identifier>oai:recercat.cat:2117/428287</identifier><datestamp>2025-07-17T16:00:46Z</datestamp><setSpec>com_2072_1033</setSpec><setSpec>col_2072_452951</setSpec></header><metadata><record xmlns="http://www.loc.gov/MARC21/slim" xmlns:dcterms="http://purl.org/dc/terms/" xmlns:xsi="http://www.w3.org/2001/XMLSchema-instance" xmlns:doc="http://www.lyncode.com/xoai" xsi:schemaLocation="http://www.loc.gov/MARC21/slim http://www.loc.gov/standards/marcxml/schema/MARC21slim.xsd">
   <leader>00925njm 22002777a 4500</leader>
   <datafield ind2=" " ind1=" " tag="042">
      <subfield code="a">dc</subfield>
   </datafield>
   <datafield ind2=" " ind1=" " tag="720">
      <subfield code="a">Villacorta Cámara, María</subfield>
      <subfield code="e">author</subfield>
   </datafield>
   <datafield ind2=" " ind1=" " tag="260">
      <subfield code="c">2025-01</subfield>
   </datafield>
   <datafield ind2=" " ind1=" " tag="520">
      <subfield code="a">Este Trabajo de Fin de Grado tiene como objetivo el diseño de un sistema de climatización y ventilación para un edificio de oficinas en Barcelona, ubicado en el barrio de Poblenou. El edificio, de nueva construcción, tiene una superficie total de 8.990 m² distribuidos en ocho plantas, una planta baja y dos plantas sótano. El diseño de ambos sistemas fue encargado a Elecnor por una empresa externa, lo que ha supuesto algunas restricciones. El propósito del proyecto es ofrecer una solución eficiente que garantice el confort térmico de los usuarios, la calidad del aire interior y el cumplimiento de la normativa vigente. Previo a los cálculos, se ha llevado a cabo un estudio de las características arquitectónicas del edificio, del clima de la ciudad, de la normativa y de los materiales adecuados para cada tipo de tubería y conducto, entre otros aspectos. Este análisis preliminar ha permitido considerar distintas alternativas y tomar decisiones informadas en el diseño de los sistemas. Para desarrollar la solución, se ha realizado un estudio de las cargas térmicas del edificio, teniendo en cuenta su ubicación, orientación y ocupación, utilizando las fórmulas aprendidas en la asignatura de Termotecnia. Este estudio ha sido clave para el dimensionamiento de los intercambiadores de calor, las bombas hidráulicas y las unidades terminales, como los fancoils. Con esta información, se ha podido definir el tamaño de la red de tuberías de agua para la climatización y la red de conductos de aire para la ventilación, así como calcular las pérdidas de carga y dimensionar la presión necesaria para el climatizador y el recuperador. El diseño final del sistema garantiza una distribución óptima del aire, apoyada en la correcta selección de los difusores. Además, se ha realizado una evaluación del impacto social, ambiental y económico del proyecto, con el fin de asegurar su viabilidad y sostenibilidad.</subfield>
   </datafield>
   <datafield tag="653" ind2=" " ind1=" ">
      <subfield code="a">Àrees temàtiques de la UPC::Edificació::Instal·lacions i acondicionament d'edificis</subfield>
   </datafield>
   <datafield tag="653" ind2=" " ind1=" ">
      <subfield code="a">Air conditioning -- Energy conservation</subfield>
   </datafield>
   <datafield tag="653" ind2=" " ind1=" ">
      <subfield code="a">Air conditioning -- Equipment and supplies</subfield>
   </datafield>
   <datafield tag="653" ind2=" " ind1=" ">
      <subfield code="a">Aire condicionat -- Estalvi d'energia</subfield>
   </datafield>
   <datafield tag="653" ind2=" " ind1=" ">
      <subfield code="a">Aire condicionat -- Aparells i accessoris</subfield>
   </datafield>
   <datafield ind2="0" ind1="0" tag="245">
      <subfield code="a">Diseño de un sistema de climatización y ventilación para un edificio de oficinas en Barcelona</subfield>
   </datafield>
</record></metadata></record></GetRecord></OAI-PMH>